¿Qué se piensa de las religiosas? (Record no. 141432)

MARC details
000 -LEADER
campo de control de longitud fija 00644nam a2200193 i 4500
001 - NÚMERO DE CONTROL
campo de control 141432
003 - IDENTIFICADOR DE NÚMERO DE CONTROL
campo de control ES-MaACL
005 - FECHA Y HORA DE LA ÚLTIMA TRANSACCIÓN
campo de control 20251001143314.0
007 - CAMPO FIJO DE DESCRIPCIÓN FÍSICA--INFORMACIÓN GENERAL
campo de control de longitud fija t|
008 - DATOS DE LONGITUD FIJA--INFORMACIÓN GENERAL
campo de control de longitud fija 070924s1969 sp ||||1| spa d
080 ## - NÚMERO DE LA CLASIFICACIÓN DECIMAL UNIVERSAL
Número de la Clasificación Decimal Universal 271-055.2(079.5)
100 1# - ENTRADA PRINCIPAL--NOMBRE DE PERSONA
Nombre de persona Villatte, Sabine.
9 (RLIN) 115166
245 11 - MENCIÓN DEL TÍTULO
Título ¿Qué se piensa de las religiosas?
Resto del título : comentarios a una encuesta entre las jóvenes /
Mención de responsabilidad, etc. Sabine Villate ; [versión... por Javier Moreno].
260 ## - PUBLICACIÓN, DISTRIBUCIÓN, ETC.
Lugar de publicación, distribución, etc. Bilbao :
Nombre del editor, distribuidor, etc. Mensajero,
Fecha de publicación, distribución, etc. [1969]
300 ## - DESCRIPCIÓN FÍSICA
Extensión 229 p. ;
Dimensiones 20 cm.
700 ## - ENTRADA AGREGADA--NOMBRE PERSONAL
Nombre de persona Moreno, Javier,
Fechas asociadas al nombre 1963-
9 (RLIN) 235032
852 ## - LOCALIZACIÓN
Ubicación ES-MaACL
Número de control de estantería C-51010
Sublocalización o colección R.69546
Holdings
Estatus retirado Estado de pérdida Estado de daño No para préstamo Biblioteca de origen Biblioteca actual Ubicación en estantería Fecha de adquisición Fuente de adquisición Total de préstamos Signatura topográfica completa Código de barras Visto por última vez Precio de reemplazo Tipo de ítem Koha
        Biblioteca del Ateneo de Madrid Biblioteca del Ateneo de Madrid Depósito 2 17/01/2008     C-51010 1147164 23/02/2023 23/02/2023 Libro impreso